Enya Discography - Statistics

General Stats
  • This quiz has been taken 38 times
  • The average score is 11 of 24
Answer Stats
Type Year Name % Correct
Album 2000 A Day Without Rain
83%
Album 2005 Amarantine
79%
Album 2015 Dark Sky Island
79%
Reissued Album 1992 The Celts
79%
Album 1995 The Memory of Trees
79%
Album 1988 Watermark
79%
Album 1987 Enya
76%
Album 2008 And Winter Came...
72%
Album 1991 Shepherd Moons
72%
Compilation 1997 Paint the Sky with Stars - The Best of Enya
69%
Compilation 2009 The Very Best of Enya
66%
Video Album 2009 The Very Best of Enya
66%
Box Set 2002 Only Time - The Collection
45%
Box Set 1997 A Box of Dreams
38%
Reissued Holiday EP 2006 Christmas Secrets EP
31%
Soundtrack 1985 The Frog Prince: The Original Soundtrack Recording
28%
Video Album 1991 Moonshadows
14%
Holiday EP 1994 The Christmas EP
14%
Box Set 1996 The Enya Collection
14%
Soundtrack 2001 Themes from Calmi Cuori Appassionati
14%
EP 1989 6 Tracks
10%
Video Album 2000 Enya: The Video Collection
10%
EP 1990 3 Tracks
3%
Holiday EP 2006 Sounds of the Season: The Enya Holiday Collection
3%
No matching quizzes found
Score Distribution
Percent of People with Each Score
Percentile by Number Answered
Your Score History
You have not taken this quiz